000 00791nam a2200217Ia 4500
003 Ost
005 20260507075741.0
008 260507s9999||||xx |||||||||||||| ||und||
020 _a9775723981
040 _cfsecg
041 _aara
082 _a657.46
100 _aقللي، يحي
_eمؤلف
245 0 _aمبادئ المحاسبة المالية /
_c يحي قللي
260 _aالقاهرة:
_bايتراك للنشر والتوزيع,
_c2004
300 _a365 صفحة؛
_bإيضاحات ؛
_c24 سم
520 _aمقدمة عامة عن المحاسبة،الجرد والتسويات الجردية،الطرق المحاسبية
653 _aالمحاسبة التحليلية
700 _aهاشم، محمد صالح
_eمؤلف ثانوي
942 _cكتاب
999 _c46141
_d46141